000 00707nam a22001937a 4500
005 20180423123352.0
010 _aB-691563-564
020 _c995.00
_a9788170336549
035 _aB-691563-564
037 _bR.K.Books
082 _a001.42
100 _aAhuja, Ram
245 _aResearch methods /
_cby Ram Ahuja
260 _aDelhi
_bRawat Publications
_c2018
270 _asatayam Apts., Sector3, Jawahar Nagar
_bJaipur
_e302004
300 _a454 p. : tabl., graph.
_c22cm (Hb)
942 _2ddc
_cEN
_mAHU
_h001.42
999 _c151671
_d151671